000 00716nam a22001937a 4500
999 _c176007
_d176007
005 20201017130323.0
010 _aUR-10892
020 _c99.00
_a9789389733389
035 _aU-9447
037 _bDBAD/PUB
082 _a844.08
100 _aسيد آ ل ظفر
245 _aا ر د و کے مشا ہير شعر اء ا و ر قو می يکجہتی
_cسيد آ ل ظفر
246 _bUrdu Ke Mashaheer Shoara Aur Qaumi Yakjehti
_aby Syed Alay Zafar
260 _aN.Delhi
_bEducational Publishing House
_c2019 ء
270 _aH.O.D1/16,Ansari Road,Darya ganj,
_bN.Delhi
_e110002
_k45678285,23216162
_l0091-11-23211540
300 _a144 ص
_c22 Cm(Hb)
942 _2ddc
_cUR
_h844.08
_mس ی د